Online Catalogue and eLibrary

Interrogating culture : (Record no. 278)

MARC details
000 -LEADER
fixed length control field 00868pam a2200253 a 4500
001 - CONTROL NUMBER
control field 2142504
005 - DATE AND TIME OF LATEST TRANSACTION
control field 20240202030750.0
008 - FIXED-LENGTH DATA ELEMENTS--GENERAL INFORMATION
fixed length control field 980601s1998 ii b 001 0 eng
020 ## - INTERNATIONAL STANDARD BOOK NUMBER
ISBN 8170367298 (India : hb : alk. paper)
020 ## - INTERNATIONAL STANDARD BOOK NUMBER
ISBN 0761992715 (US : hb : alk. paper)
040 ## - CATALOGING SOURCE (பட்டியலாக்க மூலம்)
Original cataloging agency DLC
Transcribing agency DLC
Modifying agency DLC
082 00 - DDC Classification
Class No. 306
DDC Edition Number 21
Item Number - Author Mark SAR.
100 1# - MAIN ENTRY--PERSONAL NAME
Personal name Joseph, Sarah.
245 10 - TITLE STATEMENT
Title Interrogating culture :
Remainder of title critical perspectives on contemporary social theory /
Statement of responsibility, etc. Sarah Joseph.
260 ## - PUBLICATION, DISTRIBUTION, ETC.
Place of publication, distribution, etc. New Delhi ;
-- Thousand Oaks, CA :
Name of publisher, distributor, etc. Sage Publications,
Date of publication, distribution, etc. 1998.
300 ## - PHYSICAL DESCRIPTION
Extent (e.g. Volumes, Pages etc.) 198 p. ;
650 #0 - SUBJECT ADDED ENTRY--TOPICAL TERM
Topical term or geographic name entry element Culture.
650 #0 - SUBJECT ADDED ENTRY--TOPICAL TERM
Topical term or geographic name entry element Power (Social sciences)
650 #0 - SUBJECT ADDED ENTRY--TOPICAL TERM
Topical term or geographic name entry element Knowledge, Theory of.
650 #0 - SUBJECT ADDED ENTRY--TOPICAL TERM
Topical term or geographic name entry element Social sciences
856 41 - ELECTRONIC LOCATION AND ACCESS
Uniform Resource Identifier <a href="http://www.loc.gov/catdir/enhancements/fy0657/98024649-t.html">http://www.loc.gov/catdir/enhancements/fy0657/98024649-t.html</a>
856 42 - ELECTRONIC LOCATION AND ACCESS
Uniform Resource Identifier <a href="http://www.loc.gov/catdir/enhancements/fy0660/98024649-d.html">http://www.loc.gov/catdir/enhancements/fy0660/98024649-d.html</a>
942 ## - Koha item type (Biblio)
Koha item type Books in Stacks (Lending)
Holdings
Lost status Damaged status Collection code Home library Current library Date acquired Full call number Accession Number Item type
    Lending WERC Library WERC Library 02/02/2024 306 SAR. 2729 Books in Stacks (Lending)

© WERC Library